000 00464nam a2200169 4500
001 138464
003 ES-MaACL
005 20230906195554.0
007 t|
008 070214s1962 sp r ||||1| spa d
100 1 _aSan Juan, Gregorio.
_9102248
245 1 0 _aArte menor /
_cGregorio San Juan.
260 _aBilbao :
_b[s. n.],
_c1962 (
_fImp. Provincial de Vizcaya)
300 _a36 p. ;
_c17 cm.
500 _aApais.
852 _aES-MaACL
_j2029-F-26
_bR.52004
999 _c138464
_d138464